| 000 | 01137nam a2200301 a 4500 | ||
|---|---|---|---|
| 003 | AR-BaBNM | ||
| 005 | 20251128205438.0 | ||
| 008 | 082120s2002 ||||||||||||||000 | spa|| | ||
| 020 | _a84-8198-059-5 | ||
| 040 | _cAR-BaBNM | ||
| 100 | 1 | _aCaduto, Michael J. | |
| 245 | 0 | 0 | _aGuía para la enseñanza de valores ambientales |
| 260 |
_aBilbao _bLos Libros de la Catarata _bUnesco _bDepartamento de Urbanismo, Vivienda y Medio Ambiente del Gobierno Vasco _c1993 |
||
| 300 |
_axii, 106 p. _bdiagr., tablas |
||
| 490 | 0 |
_aEducación ambiental _vv. 13 |
|
| 500 | _aEsta edición cuenta con el aval del Programa Internacional de Educación Ambiental Unesco-PNUMA | ||
| 500 | _aUNESCO: ORGANIZACION DE LAS NACIONES UNIDAS PARA LA EDUCACION, LA CIENCIA Y LA CULTURA | ||
| 500 | _aPNUMA: PROGRAMA DE LAS NACIONES UNIDAS PARA EL MEDIO AMBIENTE | ||
| 504 | _aBibliografía: p. 105-106 | ||
| 650 | 4 | _aEDUCACION AMBIENTAL | |
| 650 | 4 | _aTECNICAS DE ENSEÑANZA | |
| 650 | 4 | _aMEDIO AMBIENTE | |
| 650 | 4 | _aFORMACION DE DOCENTES | |
| 650 | 4 | _aACTIVIDADES DE APRENDIZAJE | |
| 653 | _aTEMAS TRANSVERSALES | ||
| 942 | _cBK | ||
| 998 | _csilvi | ||
| 999 |
_c11430 _d11430 |
||